Effective commissioning in health and social care
Saved in:
| Main Author: | |
|---|---|
| Format: | Book |
| Language: | English |
| Published: |
SAGE/ Learning Matters
2013
|
| Tags: |
Add Tag
No Tags, Be the first to tag this record!
|
MARC
| LEADER | 00000nam a22000007a 4500 | ||
|---|---|---|---|
| 008 | 210125b ||||| |||| 00| 0 eng d | ||
| 020 | |a 978-1-4462-8226-7 | ||
| 100 | |a FIELD, Richard, | ||
| 245 | |a Effective commissioning in health and social care |c Richard Field, Judy Oliver |e (Post-Qualifying social work). |g - x, 104p.: ill. | ||
| 260 | |b SAGE/ Learning Matters |c 2013 |h x, 104p.: ill. |i 693258 |i 693259 |l RA399 .G7F46 |m Medical care – Great Britain – Evaluation. |m National health services – Great Britain. |m Social service – Great Britain. | ||
| 500 | |a “It includes references and index”. | ||
| 942 | |a lcc |c BK |e Adeniran F. A |f 25/01/2021 | ||
| 952 | |0 0 |1 0 |2 lcc |4 0 |6 RA0399 G7 F46 |7 0 |9 1703 |a HOL |b HE |c QZ |d 2021-01-25 |l 0 |o RA399 .G7F46 |p 2021-0484 |r 2021-01-25 00:00:00 |w 2021-01-25 |y BK | ||
| 952 | |0 0 |1 0 |2 lcc |4 0 |6 RA0399 G7 F46 |7 0 |9 1705 |a HOL |b HOL |c QZ |d 2021-01-25 |l 0 |o RA399 .G7F46 |p 2021-0485 |r 2021-01-25 00:00:00 |w 2021-01-25 |y BK | ||
| 999 | |c 905 |d 905 | ||